| 000 | 00548nam a22002055i 4500 | ||
|---|---|---|---|
| 001 | 13602 | ||
| 003 | ES-MaACL | ||
| 005 | 20230906150623.0 | ||
| 007 | t| | ||
| 008 | 940805s1994 sp ||||0| spa j | ||
| 020 | _a84-8198-003-X | ||
| 040 |
_aM-BN _bspa _cM-BN |
||
| 080 | _a860-14"19" | ||
| 100 | 1 |
_aFernández del Cacho, José. _949728 |
|
| 245 | 1 | 0 |
_aPrimavera / _cJosé Fernández del Cacho. |
| 250 | _a1ª ed. | ||
| 260 |
_a[Madrid] : _bIncipit, _c1994. |
||
| 300 |
_a61 p. : _bil. ; _c19 cm. |
||
| 852 |
_aES-MaACL _jL-20956 _bR.126224 |
||
| 999 |
_c13602 _d13602 |
||